000 00697nam a2200217 a 4500
001 000030163
005 20260203124139.0
008 110503s2006 dr 000 0 spa d
040 _aDO-SdBNP
_bspa
_cBNPHU
082 _a142.78
_bA837v
245 0 0 _aVivencia esencial.
246 0 0 _aPrograma de instrucción :
_bVivencia esencial.
246 0 0 _aVivencia esencial método DESOTO
260 _aSanto Domingo :
_bADASEC,
_c2006.
300 _a94 p. ;
_c22 cm.
590 _aInventariado, 2018/LP
650 4 _aFormacion espiritual
_96471
650 0 _aExistencialismo
_936017
710 2 _aAsociación de Ayuda Social, Ecológica y Cultural.
_956877
910 _aValidado. Control de calidad EMS
999 _c29655
_d29655